书目信息 |
| 题名: |
战略性新兴产业发展动力机制及创新模式
|
|
| 作者: | 吕静韦, 著 | |
| 分册: | ||
| 出版信息: | 北京 经济管理出版社 2019 |
|
| 页数: | 223页 | |
| 开本: | 24cm | |
| 丛书名: | 经济管理学术文库 | |
| 单 册: | ||
| 中图分类: | F264 | |
| 科图分类: | ||
| 主题词: | 新兴产业--产业发展--研究 | |
| 电子资源: | ||
| ISBN: | 978-7-5096-6688-3 | |
| 000 | 01655nam 2200289 450 | |
| 001 | 2370623709 | |
| 005 | 20231224144238.44 | |
| 010 | @a978-7-5096-6688-3@dCNY68.00 | |
| 100 | @a20190903d2019 em y0chiy50 ea | |
| 101 | 0 | @achi |
| 102 | @aCN@b110000 | |
| 105 | @aak a 000yy | |
| 200 | 1 | @a战略性新兴产业发展动力机制及创新模式@Azhan lve xing xin xing chan ye fa zhan dong li ji zhi ji chuang xin mo shi@d= Dynamic mechanism and innovation model of strategic emerging industries@f吕静韦著@zeng |
| 210 | @a北京@c经济管理出版社@d2019 | |
| 215 | @a223页@c图@d24cm | |
| 225 | 2 | @a经济管理学术文库@Ajing ji guan li xue shu wen ku@i经济类 |
| 300 | @a天津社会科学院2018年度后期出版资助项目 | |
| 314 | @a吕静韦, 女, 1983年11月生, 副研究员, 博士, 现就职于天津社会科学院城市经济研究所。 | |
| 320 | @a有书目 (第203-222页) | |
| 330 | @a本书以我国创新驱动战略为背景, 以战略性新兴产业发展动力机制及创新模式为研究对象, 基于要素禀赋、产业发展、技术创新等理论, 结合波特的竞争力理论和钻石模型, 构建了战略性新兴产业发展动力机制模型, 探讨了政府行为、技术创新、市场环境、企业战略等主体动力要素与资本要素、人力资源要素等调节要素对战略性新兴产业发展的作用, 评价分析了部分地区战略性新兴产业创新模式, 并将战略性新兴产业创新模式分为政府支持型、技术引领型、市场推动型、企业驱动型四类, 丰富了战略性新兴产业的研究范畴, 对于相关政策制定具有理论价值和借鉴意义。 | |
| 410 | 0 | @12001 @a经济管理学术文库@i经济类 |
| 510 | 1 | @aDynamic mechanism and innovation model of strategic emerging industries@zeng |
| 606 | 0 | @a新兴产业@x产业发展@x研究 |
| 690 | @aF264@v5 | |
| 701 | 0 | @a吕静韦,@Alv jing wei@f1983-@4著 |
| 801 | 0 | @aCN@b湖北三新@c20190903 |
| 905 | @aZUCC@dF264@e4 | |
| 战略性新兴产业发展动力机制及创新模式= Dynamic mechanism and innovation model of strategic emerging industries/吕静韦著.-北京:经济管理出版社,2019 |
| 223页:图;24cm.-(经济管理学术文库.经济类) |
| 天津社会科学院2018年度后期出版资助项目 |
| ISBN 978-7-5096-6688-3:CNY68.00 |
| 本书以我国创新驱动战略为背景, 以战略性新兴产业发展动力机制及创新模式为研究对象, 基于要素禀赋、产业发展、技术创新等理论, 结合波特的竞争力理论和钻石模型, 构建了战略性新兴产业发展动力机制模型, 探讨了政府行为、技术创新、市场环境、企业战略等主体动力要素与资本要素、人力资源要素等调节要素对战略性新兴产业发展的作用, 评价分析了部分地区战略性新兴产业创新模式, 并将战略性新兴产业创新模式分为政府支持型、技术引领型、市场推动型、企业驱动型四类, 丰富了战略性新兴产业的研究范畴, 对于相关政策制定具有理论价值和借鉴意义。 |
| ● |
| 相关链接 |
|
|
|
正题名:战略性新兴产业发展动力机制及创新模式
索取号:F264/4
 
预约/预借
| 序号 | 登录号 | 条形码 | 馆藏地/架位号 | 状态 | 备注 |
| 1 | 2001424490 | 2001424490 | 209书库/ [索取号:F264/4] | 在馆 | |
| 2 | 2001424491 | 2001424491 | 209书库/ [索取号:F264/4] | 在馆 | |
| 3 | 2001424492 | 2001424492 | 209书库/ [索取号:F264/4] | 在馆 | |
| 4 | 2001424493 | 2001424493 | 209书库/ [索取号:F264/4] | 在馆 | |
| 5 | 2001424494 | 2001424494 | 209书库/ [索取号:F264/4] | 在馆 | |
| 6 | 2001424495 | 2001424495 | 209书库/ [索取号:F264/4] | 在馆 | |
| 7 | 2001424496 | 2001424496 | 209书库/ [索取号:F264/4] | 在馆 | |
| 8 | 2001424497 | 2001424497 | 209书库/ [索取号:F264/4] | 在馆 | |
| 9 | 2001424498 | 2001424498 | 209书库/ [索取号:F264/4] | 在馆 | |
| 10 | 2001424499 | 2001424499 | 209书库/ [索取号:F264/4] | 在馆 | |
| 11 | 2001424500 | 2001424500 | 209书库/ [索取号:F264/4] | 在馆 | |
| 12 | 2001424501 | 2001424501 | 209书库/ [索取号:F264/4] | 在馆 | |
| 13 | 2001424502 | 2001424502 | 209书库/ [索取号:F264/4] | 在馆 | |
| 14 | 2001424503 | 2001424503 | 209书库/ [索取号:F264/4] | 在馆 | |
| 15 | 2001424504 | 2001424504 | 209书库/ [索取号:F264/4] | 在馆 | |
| 16 | 2001424505 | 2001424505 | 209书库/ [索取号:F264/4] | 在馆 | |
| 17 | 2001424506 | 2001424506 | 209书库/ [索取号:F264/4] | 在馆 | |
| 18 | 2001424507 | 2001424507 | 209书库/ [索取号:F264/4] | 在馆 | |
| 19 | 2001424508 | 2001424508 | 209书库/ [索取号:F264/4] | 在馆 | |
| 20 | 2001424509 | 2001424509 | 209书库/ [索取号:F264/4] | 在馆 | |
| 21 | 2001424510 | 2001424510 | 209书库/ [索取号:F264/4] | 在馆 | |
| 22 | 2001424511 | 2001424511 | 209书库/ [索取号:F264/4] | 在馆 | |
| 23 | 2001424512 | 2001424512 | 209书库/ [索取号:F264/4] | 在馆 |